Gu Yanwu yan jiu wen ji : ji nian Gu Yanwu dan chen si bai zhou nian /

Saved in:
Bibliographic Details
Corporate Author: Kunshan Shi wen hua fa zhan yan jiu zhong xin, (Editor)
Format: Book
Language:Chinese
Published: Shanghai : Shanghai ren min chu ban she, 2014.
Edition:Di 1 ban.
Subjects:
Tags: Add Tag
No Tags, Be the first to tag this record!
LEADER 01747cam a2200457 i 4500
001 014249727-4
005 20150622161727.0
008 141104s2014 cc af b 000 0 chi d
010 |a  2014384592 
020 |a 9787208122314 
020 |a 7208122318 
035 0 |a ocn895712277 
040 |a CNPIT  |b eng  |e rda  |c CNPIT  |d DLC  |d CUY  |d OCLCF  |d HMY 
042 |a lccopycat 
043 |a a-cc--- 
050 0 4 |a B5234.K84  |b G8 2014 
245 0 0 |6 880-01  |a Gu Yanwu yan jiu wen ji :  |b ji nian Gu Yanwu dan chen si bai zhou nian /  |c Kunshan Shi wen hua fa zhan yan jiu zhong xin bian. 
246 3 0 |6 880-02  |a Ji nian Gu Yanwu dan chen si bai zhou nian 
250 |6 880-03  |a Di 1 ban. 
264 1 |6 880-04  |a Shanghai :  |b Shanghai ren min chu ban she,  |c 2014. 
300 |a 9, 2, 415 pages, 8 unnumbered pages of plates :  |b color illustrations ;  |c 22 cm 
336 |a text  |2 rdacontent 
337 |a unmediated  |2 rdamedia 
338 |a volume  |2 rdacarrier 
504 |a Includes bibliographical references. 
600 1 0 |6 880-05  |a Gu, Yanwu,  |d 1613-1682. 
650 0 |a Philosophers  |z China  |v Biography. 
600 1 7 |a Gu, Yanwu,  |d 1613-1682.  |2 fast 
650 7 |a Philosophers.  |2 fast 
651 7 |a China.  |2 fast 
655 7 |a Biography.  |2 fast 
710 2 |6 880-06  |a Kunshan Shi wen hua fa zhan yan jiu zhong xin,  |e editor. 
880 0 0 |6 245-01  |a 顾炎武研究文集 :  |b 纪念顾炎武诞辰四百周年 /  |c 昆山市文化发展研究中心编. 
880 3 0 |6 246-02  |a 纪念顾炎武诞辰四百周年 
880 |6 250-03  |a 第1版. 
880 1 |6 264-04  |a 上海 :  |b 上海人民出版社,  |c 2014. 
880 1 4 |6 600-05  |a 顾炎武,  |d 1613-1682. 
880 2 |6 710-06  |a 昆山市文化发展研究中心,  |e editor. 
988 |a 20141211 
049 |a HMYY 
906 |0 OCLC